| 000 | 01378cam a22001934a 4500 | ||
|---|---|---|---|
| 005 | 20260120114424.0 | ||
| 008 | 250528s ||||||||||||||||||||||||d | ||
| 035 | _a17854 | ||
| 020 | _a9789603257608 | ||
| 040 |
_aGR-AtMCL _bgre _dGR-AtMCL _eAACR2 |
||
| 245 | 1 | _aΣτον Κήπο του Επίκουρου / Αφήνοντας Πίσω τον Τρόμο του Θανάτου | |
| 260 |
_bΆγρα, _c2008 |
||
| 300 | _a304 | ||
| 520 | _aΤο παρόν βιβλίο συμπυκνώνει το έργο και την προσωπική εμπειρία μιας ολόκληρης ζωής σε μια βαθύτατα ενθαρρυντική προσέγγιση στο οικουμενικό ζήτημα της θνητότητας. Πρόλογος και Ευχαριστίες, Η Θανάσιμη Πληγή, Πώς Αναγνωρίζουμε το Άγχος Θανάτου, Η Αφυπνιστική Εμπειρία, Η Δύναμη των Ιδεών, Πώς Μπορούμε να Ξεπεράσουμε τον Τρόμο του Θανάτου Μέσα από τον Ανθρώπινο Σύνδεσμο, Η Επίγνωση του Θανάτου: Μια Αυτοβιογραφία, Πώς να χειριστείτε το Άγχος Θανάτου, Επίλογος. | ||
| 700 | 1 |
_aYalom, Irvin D. _94139 |
|
| 942 | _cBK | ||
| 999 |
_c3254 _d3254 |
||